000 007340000a22002410004500
003 LK-CoMWRAF
005 20231120150504.0
008 230817t2003 ||||| |||| 00| 0 eng d
020 _a9558736023
040 _aLK-CoMWRAF
_dLK-CoMWRAF
_eLK-CoMWRAF
041 _aeng
082 _a320.954
_bMEY
100 _aMeyer, Eric
242 _aEntre particularismes et mondialisation
245 _aSri Lanka, biography of an island :
_bbetween local & global
260 _aNegombo:
_bViator,
_c2003
300 _a229 p. : maps ; 22 cm.
_bBibliography included
650 _aSri Lanka--Politics and government
650 _aSri Lanka-History
700 _aSegond-Baldwin, Kristie
_etrans.
700 _aHalpē, Ashley
_eed.
942 _cBK
999 _c837
_d837